| 000 | 00686cab a2200205 4500 | ||
|---|---|---|---|
| 001 | ABS53302 | ||
| 008 | 090401t1995 xxu||||| |||| 00| 0 eng d | ||
| 035 | _a(Sirsi) u3385 | ||
| 041 | _aeng | ||
| 110 |
_aBarber White Property Economics _91805 |
||
| 245 | 2 | _aA studied approach to risks | |
| 260 | _c1995 | ||
| 350 | _a0 | ||
| 490 |
_aProperty Week _v52(4) 27 July 1995, 26-27(2) |
||
| 520 | _aReports on the growth of independent property research firms to provide impartial advice for surveyors involved in expensive property transactions. | ||
| 650 | _aPROPERTY RESEARCH | ||
| 690 | _aMANAGEMENT-BUSINESS MANAGEMENT-PROFESSIONAL PRACTICE | ||
| 942 | _n0 | ||
| 948 | _c04/03/1997 | ||
| 999 |
_c2076 _d2076 |
||